00888nam a22002177a 4500999001900000005001700019010001500036020003000051035001400081037001300095082001100108100001500119245011000134260004400244270011100288300008600399700002400485700001500509942002500524952012100549 c178657d17865720210409122558.0 aENG-129422 c700.00a978-93-88016-15-5 aEN-112954 bDBAD/PUB a370.82 aK. Sridevi aIntegrating Gender and Inclusive Perspectives in Education/bK. Sridevi, K. Srinivas Reddy and S. Radhika aNew DelhibNeelkamal Publicationsc2019 a4764/1, 23, Ansari Road, DaryaganjbNew Delhie110002k011-23244237, 98118-28953mneelkamalbooks@gmail.com aix190p.c24cm(hbk)bincluding illustrations, bibliographical references and index aReddy, K. Srinivas  aS. Radhika 2ddccENh370.82mKSR 001040708NFICaBNbBNd2021-04-09eDBAD/PUBg700.00l0o370.82 KSRpEN-112954r2021-04-09 00:00:00t1v700.00yEN